| 000 | 00577nam a22001817a 4500 | ||
|---|---|---|---|
| 003 | CEME | ||
| 005 | 20210628201744.0 | ||
| 008 | 210204b xxu||||| |||| 00| 0 eng d | ||
| 020 | _a1-58053-968-8 | ||
| 040 | _c. | ||
| 082 | _a623.043 POI | ||
| 100 |
_aPoisel, Richard.A _956673 |
||
| 245 | _aElectronic warfare target location methods | ||
| 260 |
_aBOSTON _bARTECH HOUSE _c2005 |
||
| 300 | _aXII,272P | ||
| 650 |
_aTARGET ACQUISITION-MATHEMATICAL MODELS, ELECTRONIC IN MILITARY ENGINEERING, ALGORITHMS.ELECTRONIC WARFARE TARGET LOCATION METHODS _956674 |
||
| 942 |
_cBK _2ddc |
||
| 999 |
_c567045 _d567045 |
||